000 01465nam a2200349Ia 4500
001 ebr10687914
003 CaPaEBR
006 m u
007 cr cn|||||||||
008 090821s2010 ctua sb 001 0 eng d
010 _z 2009034627
020 _z9780300149609 (hbk. : alk. paper)
020 _z0300149603 (hbk. : alk. paper)
020 _z9780300149616
040 _aCaPaEBR
_cCaPaEBR
035 _a(OCoLC)841171946
050 1 4 _aKF3775
_b.S365 2010eb
082 0 4 _a344.7304/6
_222
100 1 _aSchoenbrod, David.
245 1 0 _aBreaking the logjam
_h[electronic resource] :
_benvironmental protection that will work /
_cDavid Schoenbrod, Richard B. Stewart, Katrina M. Wyman ; illustrations by Deborah Paulus-Jagric.
260 _aNew Haven [Conn.] :
_bYale University Press,
_cc2010.
300 _axviii, 198 p. :
_bill.
504 _aIncludes bibliographical references (p. [153]-188) and index.
533 _aElectronic reproduction.
_bPalo Alto, Calif. :
_cebrary,
_d2013.
_nAvailable via World Wide Web.
_nAccess may be limited to ebrary affiliated libraries.
650 0 _aEnvironmental law
_zUnited States.
650 0 _aLaw reform
_zUnited States.
655 7 _aElectronic books.
_2local
700 1 _aStewart, Richard B.
700 1 _aWyman, Katrina M.,
_d1970-
710 2 _aebrary, Inc.
856 4 0 _uhttp://site.ebrary.com/lib/rucke/Doc?id=10687914
_zAn electronic book accessible through the World Wide Web; click to view
999 _c12079
_d12079